| 000 | 00894nam a2200217 i 4500 | ||
|---|---|---|---|
| 001 | 185556 | ||
| 003 | ES-MaACL | ||
| 005 | 20230906222450.0 | ||
| 008 | 160711s1952 ve |||| | spa d | ||
| 100 | 1 |
_aNectario María _cF.S.C. _9160133 |
|
| 245 | 1 | 0 |
_aHistoria de la fundación de la ciudad de Nueva Segovia de Barquisimeto a la luz de los documentos de los archivos de España y de Venezuela / _cHno. Nectario María. |
| 250 | _aEdición conmemorativa del IV centenario de la ciudad de Barquisimeto. | ||
| 260 |
_a[Caracas] : _bEdit. Ávila Gráfica, _c1952. |
||
| 300 |
_a451 p., 3 lám., 2 map.,4 facsím. ; _c23 cm. |
||
| 490 | 1 |
_aBiblioteca de cultura larense ; _v6 |
|
| 600 | 1 | 4 |
_aVillegas, Juan de. _9160132 |
| 651 | 4 |
_aBarquisimeto (Venezuela)- _xHistoria. _97871 |
|
| 830 | 0 |
_aBiblioteca de cultura larense ; _v6 _9192343 |
|
| 852 |
_aES-MaACL _jE-3442 |
||
| 999 |
_c185556 _d185556 |
||